000 00507cam a2200193ua 4500
001 1321
008 110702n ii |||gr||||Z||||||asm
020 _a81-7339-028-2
040 _cMAIN
082 _a330.954
100 _aHuda, Manirul.,
245 _aBharatiya arthanity. :
_buttar purbanchalar arthanity soho. /
_cBy Manirul Huda.
250 _a5th.
260 _aDibrugarh.:
_bBanalata,
_c2004.
300 _a844 p.:
_c25 cm.
653 _aEconomics.
653 _aBharatiya arthanity.
942 _cBK
999 _c1221
_d1221